000 00999nam a2200313 a 4500
003 AR-BaBNM
005 20251128210301.0
008 082120s2002 ||||||||||||||000 | spa||
040 _cAR-BaBNM
100 1 _aMarelim Vianna, Heraldo
245 0 0 _aComunicaçâo e expressâo
_bproblemas teóricos e prácticos de avaliaçâo
260 _aSan Pablo
_bIBRASA
_c1984
300 _a143 p.
_btablas
490 0 _aBiblioteca Didáctica
_vv. 33
500 _aIBRASA: Instituçâo Brasilera de difusâo cultural S. A.
504 _aContiene bibliografía al final de cada capítulo
650 4 _aENSEÑANZA DE LA ESCRITURA
650 4 _aMEJORA DE LA ESCRITURA
650 4 _aREDACCION
650 4 _aEVALUACION DEL ALUMNO
650 4 _aCRITERIOS DE EVALUACION
650 4 _aCOMUNICACION
650 4 _aPRUEBAS OBJETIVAS
653 _aENSENANZA DE LA LENGUA
653 _aENSEÑANZA DE LA LITERATURA
700 1 _aBarros Carone, Flavia de
_eprologuista
942 _cBK
998 _cRaquel
999 _c14784
_d14784